LIBRARY & INFORMATION CENTRE, KCAET, TAVANUR

ONLINE PUBLIC ACCESS CATALOGUE (OPAC)

English Verse, Vol - 5 / (Record no. 4977)

MARC details
000 -LEADER
fixed length control field 00302cam a2200121ua 4500
082 ## - DEWEY DECIMAL CLASSIFICATION NUMBER
Classification number 821
Item number PEA/EN
100 ## - MAIN ENTRY--AUTHOR NAME
Personal name Peacock, W .
245 ## - TITLE STATEMENT
Title English Verse, Vol - 5 /
260 ## - PUBLICATION, DISTRIBUTION, ETC. (IMPRINT)
Place of publication London :
Name of publisher Oxford University Press ,
Year of publication 1963.
300 ## - PHYSICAL DESCRIPTION
Number of Pages 531 ; .
490 0# - SERIES STATEMENT
Series statement The World`s Classics,
942 ## - ADDED ENTRY ELEMENTS (KOHA)
Koha item type Books
Holdings
Withdrawn status Lost status Damaged status Home library Current library Date acquired Full call number Accession Number Koha item type
      KAUAET KAUAET 07/04/2012 821 5012 Books
free website counter